000 00307nam a22001217a 4500
008 180518b xxu||||| |||| 00| 0 eng d
041 _aeng
080 _a043.3
100 _a0
101 _aMBE-BA
245 _aModelimi i Kercenimeve sipas teknikes Microsoft Threat Modeling
_cPreniqi, N
942 _2udc
_cBK
999 _c45943
_d45943